| 000 | 01441nam0a2200325 4500 | ||
|---|---|---|---|
| 001 | RU\NLR\BIBL_A\011600942 | ||
| 005 | 20240921184849.0 | ||
| 010 |
_a9785298035361 _92000 |
||
| 021 |
_aRU _b2017-98093 _97060 |
||
| 035 | _a(RuMoRGB)009493908 | ||
| 035 | _a(NLR Aleph) 011600942 | ||
| 090 |
_a10888650 _c10888650 |
||
| 100 | _a20180124d2017 u y0rusy50 ca | ||
| 101 | 1 |
_arus _ctat |
|
| 102 | _aRU | ||
| 105 | _ay|||z|||000ay | ||
| 200 | 1 |
_aРассказы _fФируза Замалетдинова _g[перевод с татарского Г. К. Ахмадуллиной-Архиповой, А. Б. Халидова] |
|
| 210 |
_aКазань _cТатарское книжное изд-во _d2017 |
||
| 215 |
_a317, [2] с. _d21 |
||
| 300 | _aВ вып. дан. авт.: Замалетдинова Фируза (Фатхутдинова Фирузя Исламовна) | ||
| 327 | 0 | _aСодерж.: В метель; Письмо; Яблоко; Молодухи; Раненый голубь; Искандер; Бык; Уехать в любви…; Ноша; Обет [и др.] | |
| 333 | _a12+ | ||
| 686 |
_aШ5(2=Тат)64-644 _2rubbk |
||
| 686 | 2 | _aШ6(2=Тат)7-4 | |
| 700 | 1 |
_7ca _8rus _aЗамалетдинова _bФ. И. _f1960- _gФируза Исламовна _9185060 _3RU\NLR\AUTH\770185111 |
|
| 942 | _cBOOK | ||
| 980 | _aNBR | ||